000 00613nam a2200229Ia 4500
003 OSt
005 20220928141435.0
006 a|||||r|||| 00| 0
007 ta
008 220927b |||||||| |||| 00| 0 eng d
024 _a15006
037 _cTextual
040 _aSDCL
_cSDCL
_beng
041 _2eng
_aeng
082 _aB316:25, M1
100 _aGreenberg Marvin J
_9500146
245 0 _aAlgebraic topology
_b A first course.
260 _c1981
700 _a Harper John R
_9500147
942 _hB316:25, M1
_cTEXL
_2CC
999 _c817415
_d817415